LEADER 03275nam0 2200637 i 450 001 IEI0004094 005 20251003044156.0 100 $a19881019d1986 ||||0itac50 ba 101 | $aita 102 $ait 181 1$6z01$ai $bxxxe 182 1$6z01$an 183 1$6z01$anc$2RDAcarrier 200 1 $aLatifondo e contratti agrari nel Mezzogiorno$fMichele Mancino$gpresentazione di Piero Di Siena 210 $aCasalvelino Scalo (Sa)$cGalzerano$d1986 215 $a200 p.$d22 cm 225 | $aˆIl ‰laboratorio 410 0$1001MIL0067517$12001 $aˆIl ‰laboratorio 606 $aCONTADINI$xCondizioni economiche e sociali$xItalia Meridionale$x1820-1953$2FIR$3RAVC062772$9I 606 $aContadini$xCondizioni socioeconomiche$2FIR$3CFIC178294$9N 606 $aContadini$xCondizioni socioeconomiche$2FIR$3CFIC178294$9N 676 $a338.0945 7$9$v21 676 $a338.09457$9PRODUZIONE. Italia meridionale$v23 676 $a338.10945$9AGRICOLTURA. Italia$v20 696 $aVillani $aClassi rurali 696 $aVillani $aClassi rurali$aCondizioni economiche$aCondizioni sociali$aCondizioni economiche e sociali$aCondizioni socio-economiche 696 $aVillani $aClassi rurali$aCondizioni economiche$aCondizioni sociali$aCondizioni economiche e sociali$aCondizioni socio-economiche 699 $aContadini$yVillani 699 $aContadini$zClassi rurali 699 $aContadini$yVillani 699 $aContadini$zClassi rurali 699 $aCondizioni socioeconomiche$yCondizioni economiche 699 $aCondizioni socioeconomiche$yCondizioni sociali 699 $aCondizioni socioeconomiche$zCondizioni economiche e sociali 699 $aCondizioni socioeconomiche$yCondizioni socio-economiche 699 $aContadini$yVillani 699 $aContadini$zClassi rurali 699 $aCondizioni socioeconomiche$yCondizioni economiche 699 $aCondizioni socioeconomiche$yCondizioni sociali 699 $aCondizioni socioeconomiche$zCondizioni economiche e sociali 699 $aCondizioni socioeconomiche$yCondizioni socio-economiche 700 1$aMancino$b, Michele$f $3IEIV002418$4070$01251902 702 1$aDi Siena$b, Piero$3IEIV002419 801 3$aIT$bIT-000000$c19881019 850 $aIT-BN0095 $aIT-SA0060 $aIT-SA0238 $aIT-SA0200 $aIT-SA0045 $aIT-NA0230 $aIT-SA0155 $aIT-NA0097 901 $bNAP 63$cMOD $n$ 901 $bNAP BM$cS. LOCALE $n$ 901 $bNAP SP$cNF. $nNUOVO FONDO 901 $bNAP 01$cPOZZO LIB.$nVi sono collocati fondi di economia, periodici di ingegneria e scienze, periodici di economia e statistica e altri fondi comprendenti documenti di economia pervenuti in dono. 901 $bNAP 27$cSALA $n$ 901 $bNAP 55$cST.IT.M $n$ 912 $aIEI0004094 950 0$aBiblioteca Centralizzata di Ateneo$c1 v.$d 01POZZO LIB.ECON MON 6819$e 0101 0700183435E VMA 1 v. (Precedente collocazione 18 EC 343)$fB $h20220722$i20220722 977 $a 01$a 27$a 55$a 63$a BM$a IR$a LN$a SP 996 $aLatifondo e contratti agrari nel Mezzogiorno$92901997 997 $aUNISANNIO